00652nam a2200241 a 4500001001300000003000900013005001700022008004100039020000900080082001400089100001800103245002800121260004200149300000900191500003500200505001700235650001600252700001800268902000800286942000700294952009400301999001500395nice12345678IN_TiNIC20260116012628.0050524s1959 phia grp 000 0 eng  ac9800a239bBRU1 aBrunner, Emil aScandal of Christianity aPhiladelphiabWestminster Pressc1959 a116p aincludes index and biblioraphy2 aBibliography aApologetics1 aBrunner, Emil bSRS cBK 00104070aHMIbHMId2007-06-21g98.00l0o239 BRU1p014459r2007-06-21w2026-01-16yEB c7734d7734